Регионална библиотека "Любен Каравелов" - Русе

Произведенията, приписвани на св. Кирила (Запис номер 193501)

MARC детайли
000 -Лидер
Контролно поле с фиксирана дължина 02019nam a2200385 c 4500
003 - Код на организацията, давaща контролен номер
Контролно поле BLK
005 - Дата и час на последна редакция
Контролно поле 20200427092026.0
008 - Елементи от данни с фиксирана дължина
fixed length control field 180411b bul|||||r ||||||| ||bul||
010 ## - Наследен системен номер
LC control number KNG00202716000
040 ## - Източник на каталожния запис
Идентификатор на билиотеката - собственик на записа BLK
041 ## - Код за език
Код за езика на текст/звукозапис или на отделно заглавие Български
Код за езика КДБФ Български
072 #7 - Код за тематичната категория
Код организация bullib
Код за тематична категория А
Текст Фонд Михаил Арнаудов
072 #7 - Код за тематичната категория
Код организация bullib
Код за тематична категория Я
Текст Автографи
080 ## - УДК
Текстов определител УДК Българска литература
УДК код - определител по УДК 821.163.2
УДК определител (091)(092)
УДК - код + определител 821.163.2(091)(092)
080 ## - УДК
Текстов определител УДК Византийски учен. Заедно с брат си Методий е създателят на глаголицата, славянски християнски просветител. Канонизиран за светец и равноапостол
УДК код - определител по УДК 929 Константин Кирил Философ, св.
УДК - код + определител 929 Константин Кирил Философ, св.
100 1# - Редна дума - Автор
Автор Георгиев, Емил Иванов
Авторска отговорност първи автор
R(LIN) 369406
139 ## - Редно поле
Редна дума Георгиев, Емил Иванов
Авторски знак Консти - К 83
245 10 - Сведения за заглавието
Заглавие Произведенията, приписвани на св. Кирила
Подзаглавни данни Ч. 1 -
Редно поле (дума) Емил Иванов Георгиев.
Том Ч. 1
257 ## - Страна на издаване
Страна на създаване/издаване България
260 ## - Област на издателските данни
Година на издаване 1939 -
Печатница София : Култура
300 ## - Физическа характеристика
Размери/Мащаб 24 см
380 ## - Жанр
Жанр Литературознание
490 1# - СЕРИИ (Колекции)
Име на серия Studia historica-philologic serdicensia
№: серия Vol. V. Supplement
490 ## - СЕРИИ (Колекции)
Име на серия Частна колекция - Академик Михаил Арнаудов
9 (RLIN) 396381
Бележки за серията Дарение - Основен фонд
500 ## - Общи забележки
Забележка Автограф с текст: На г. проф. М. Арнаудов - с почит Авт.
600 14 - Име на лице, използвано като предмет
За него / За нея Константин Кирил Философ
9 (RLIN) 245770
650 #4 - Допълнително описание по предмет – тема
Основно описание – тема или топоним Старобългарска литература
9 (RLIN) 253145
650 #4 - Допълнително описание по предмет – тема
Основно описание – тема или топоним Константин Кирил философ
9 (RLIN) 245771
659 ## - Тематичен бюлетин
Тематичен бюлетин А
659 ## - Тематичен бюлетин
Тематичен бюлетин Я
760 1# - Описание на основната серия
Редна дума на основното описание Георгиев, Емил Иванов
Място на издаване, издател и година 1939
Страници - том 94 с.
Забележка - том Библиогр. с. 93. - Автограф с текст: На г. проф. М. Арнаудов - с почит Авт. - Мека подв.
Заглавие Ч. 1
852 ## - Местоположение
Форматна сигнатура МА 1512
Фондова буква Фонд "Михаил Арнаудов"
856 4# - Електронен адрес и достъп
Електронен формат pdf - файл
856 4# - Електронен адрес и достъп
Електронен формат pdf - файл
999 ## - СИСТЕМНИ КОНТРОЛНИ НОМЕРА
Koha biblionumber 193501
Koha biblioitemnumber 193501
942 ## - АРТИКУЛИ
Вид на библиотечния материал Книги
Скрит в OPAC Не
Периодичен библиозапис Да
944 ## - СЪЗДАВАНЕ И РЕДАКЦИЯ на ЗАПИСА
Създаване/Редакция Създаване
Дата на регистрацията/редакция 10.03.2017
Служител, извършил регистрацията/редакцията Геновева_Генчева
944 ## - СЪЗДАВАНЕ И РЕДАКЦИЯ на ЗАПИСА
Създаване/Редакция Редакция
Дата на регистрацията/редакция 10.03.2017
Служител, извършил регистрацията/редакцията Геновева_Генчева
999 ## - СИСТЕМНИ КОНТРОЛНИ НОМЕРА
Koha biblioitemnumber 193501
999 ## - СИСТЕМНИ КОНТРОЛНИ НОМЕРА
Koha biblioitemnumber 193501
Наличности
Код за отписване Код за изгубен артикул Източник на класификационната схема Код за повреда Коз за рестрикции Код за отдаване Артикулен № Име на библиотеката - собственик Име на библиотеката, в която се намира в момента Статус (Текущо местоположение) Дата на вписване в системата Местоположение - отдел Цена в лева Номерация (Хронология) Инвентарен номер Систематично азбучна сигнатура Баркод Номер на екземпляра Цена в евро Служебна бележка Служебен тип на артикула
  Не е изгубен Universal Decimal Classification Не е повреден само за читалня Специални фондове ( старопечатни, редки и ценни, фонд М. Арнаудов) 338858 Регионална библиотека "Любен Каравелов" Русе Регионална библиотека "Любен Каравелов" Русе Фонд "Михаил Арнаудов" 1973-01-01 Фонд "Михаил Арнаудов" 30.00 Автограф: Емил Георгиев 588808 МА 1512 120000588808 1 15.34 Дост: DA Вид: А N: стар фонд Дата: 01.01.1973 Книги
Vip Innovations Ltd, Rousse, Bulgaria 2025